000 00879nam a2200313 a 4500
003 AR-BaBNM
005 20251128203811.0
008 082120s2002 ||||||||||||||000 | spa||
040 _cAR-BaBNM
100 1 _aRiley, Clara M.D.
245 0 0 _aAsistencia al niño preescolar
250 _a1ª ed.
260 _aBuenos Aires
_bHumanitas
_c1970
300 _a344 p.
_bil.
650 4 _aMAESTROS DE PREPRIMARIA
650 4 _aSELECCION DE DOCENTES
650 4 _aEDUCACION DE LOS PADRES
650 4 _aDESARROLLO DEL NIÑO
650 4 _aCONDUCTA INFANTIL
650 4 _aCAMBIO DE PERSONALIDAD
653 _aEDUCACION INICIAL
653 _aJARDINES DE INFANTES
700 1 _aEpps, Frances M.J.
700 1 _aShostrom, Everett L.
_eprologuista
700 1 _aMolina de Vedia, Enrique
_etraductor
700 1 _aNaya, Juan
_esupervisión
942 _cBK
998 _cCarmen
999 _c4985
_d4985